| 000 | 00561nac a22001811u 4500 | ||
|---|---|---|---|
| 020 | _a 9780750668576 | ||
| 082 |
_a627.23 _bAKA |
||
| 090 |
_c7332 _d7332 |
||
| 100 | _aAkan, A. Osman | ||
| 245 |
_aOpen channel hydraulics / _c A. Osman Akan. |
||
| 260 |
_aAmsterdam : _b Butterworth-Heinemann, 2006 _c2006 |
||
| 300 |
_a x, 364 p. ; _c 26 cm |
||
| 500 | _adistributer: Al-Ahram | ||
| 511 | _acatalogued by: wessam | ||
| 650 | _aChannels (Hydraulic engineering) | ||
| 650 | _aHydraulics | ||
| 942 |
_cBB _k627.23 AKA |
||
| 999 |
_c7332 _d7332 |
||